000 00501pab a2200181 454500
008 180718b2001 xxu||||| |||| 00| 0 eng d
100 _aKrishna, Sridhar
245 _aPhasing out of import licensing: impact on small scale industries
260 _c2001
300 _ap.2545-550
362 _a7 Jul
650 _aIndia - Industries, Small scale
650 _aSmall scale industry
650 _aImports - India
650 _aImports
773 _aEconomic and Political Weekly
909 _a49051
999 _c49051
_d49051